000 00789nam a2200241Ia 4500
003 OSt
005 20220925223906.0
006 a|||||r|||| 00| 0
007 ta
008 220923b |||||||| |||| 00| 0 eng d
020 _a9780415643856
_c6995.8400000000001
037 _bBBS/0144, 14/03/2014, Better Book Service
_cGeneral Book
040 _aRTL
_cRTL
_beng
041 _2eng
_aeng
082 _aV45:1954.P, Q4
100 _aKAUSSLER Bernd
_9290477
245 0 _aIran's nuclear diplomacy
_b Power politics and conflict resolution
260 _aLondon
_bRoutledge
_c2014
300 _aix, 167p
_ccm.
650 _aGeography
942 _hV45:1954.P, Q4
_cGB
_2CC
999 _c580590
_d580590